[Rezension von: Christian Vöhringer, Pieter Breugels d. Ä. Landschaft mit pflügendem Bauern und Ikarussturz]
Saved in:
| Published in: | Kunstform 4(2003), 2 |
|---|---|
| Main Author: | |
| Document Type: | Online Resource Article |
| Language: | German |
| Published: |
2003
|
| Subjects: | |
| Online Access: | kostenfrei |
| Related Items: | Enthalten in:
Kunstform Rezension von: Pieter Bruegels d. Ä. Landschaft mit pflügendem Bauern und Ikarussturz |
| Author Notes: | rezensiert von Markus Paulußen, Universität Bielefeld |
| LEADER | 01772caa a2200349 c 4500 | ||
|---|---|---|---|
| 001 | 1920618678 | ||
| 003 | DE-627 | ||
| 005 | 20260419021901.0 | ||
| 007 | cr uuu---uuuuu | ||
| 008 | 250326s2003 xx |||||oo 00| ||ger c | ||
| 035 | |a (DE-627)1920618678 | ||
| 035 | |a (DE-599)KXP1920618678 | ||
| 035 | |a (OCoLC)1533750591 | ||
| 040 | |a DE-627 |b ger |c DE-627 |e rda | ||
| 041 | |a ger | ||
| 084 | |a KUNST |q DE-16 |2 fid | ||
| 100 | 1 | |a Paulußen, Markus |e VerfasserIn |4 aut | |
| 245 | 1 | 0 | |a [Rezension von: Christian Vöhringer, Pieter Breugels d. Ä. Landschaft mit pflügendem Bauern und Ikarussturz] |c rezensiert von Markus Paulußen, Universität Bielefeld |
| 264 | 1 | |c 2003 | |
| 300 | |b Illustrationen | ||
| 336 | |a Text |b txt |2 rdacontent | ||
| 337 | |a Computermedien |b c |2 rdamedia | ||
| 338 | |a Online-Ressource |b cr |2 rdacarrier | ||
| 655 | 7 | |a Rezension |0 (DE-588)4049712-4 |0 (DE-627)106186019 |0 (DE-576)209083166 |2 gnd-content | |
| 773 | 0 | 8 | |i Enthalten in |t Kunstform |d München : Ludwig-Maximilians-Universität München, Institut für Kunstgeschichte, 2000 |g 4(2003), 2 |h Online-Ressource |w (DE-627)382929004 |w (DE-600)2140180-9 |w (DE-576)281244731 |x 1618-7199 |7 nnas |
| 773 | 1 | 8 | |g volume:4 |g year:2003 |g number:2 |
| 787 | 0 | 8 | |i Rezension von |a Vöhringer, Christian, 1966 - |t Pieter Bruegels d. Ä. Landschaft mit pflügendem Bauern und Ikarussturz |d München : Fink, 2002 |h 206, [8 S., 1 Faltbl.] |w (DE-627)1622320506 |w (DE-576)096814926 |z 377053686X |
| 856 | 4 | 0 | |u https://www.arthistoricum.net/kunstform/rezension/ausgabe/2003/2/3206 |x Verlag |z kostenfrei |3 Volltext |7 0 |
| 951 | |a AR | ||
| 994 | |u https://www.arthistoricum.net/themen/rezensionen/kunstform/rezension/ausgabe/2003/2/3206 | ||
| 991 | |a Rezension (Monographie, Zeitschrift, Aufsatz) | ||
| 999 | |a KXP-PPN1920618678 |e 4955655041 | ||


